| 000 | 00736nam a2200277Ia 4500 | ||
|---|---|---|---|
| 008 | 171120s9999 xx 000 0 und d | ||
| 020 | _a9.7897127207e+012 | ||
| 050 | _a305.42 | ||
| 050 | _bK566 2008 | ||
| 100 | _aKintanar, Thelma B. | ||
| 245 | _aHer story : | ||
| 245 | _bwomen's narratives in modern Southeast Asian writing / | ||
| 245 | _cby Thelma B. Kintanar. | ||
| 260 | _aPhilippines : | ||
| 260 | _bAnvil, | ||
| 260 | _c2008 | ||
| 300 | _a202 pages : | ||
| 300 | _billustrations ; | ||
| 300 | _c22cm. | ||
| 650 | _aOriental literature -- | ||
| 650 | _aWomen -- | ||
| 650 | _aWomen in literature. | ||
| 650 | _xAsia, Southeasthern -- Social conditions. | ||
| 650 | _xWomen authors. | ||
| 700 | _aTitle. | ||
| 999 |
_c345381 _d345381 |
||